000 00522nam a2200205Ia 4500
003 GCL
008 140319s9999 xx 000 0 eng d
040 _aGCL /
_cGCL
082 0 4 _a541.3
_bB E
100 1 _aBAHI, B. S.
245 1 0 _aESSENTIALS OF PHYSICAL CHEMISTRY /
_cBAHI, B. S.
700 1 _aTULI, G.D
700 1 _aBAHI, ARUN
260 _a[S.N] :
_bS. CHAND & COMPANY LTD ،
_c1994
300 _a808 P
650 0 4 _aTHERMODYNAMICS
650 0 4 _aCHEMISTRY
650 0 4 _aPHYSICAL CHEMISTRY
942 _2ddc
_cBK
999 _c20392
_d20392